白水社ニューエクスプレスシリーズで学べる言語 - Statistics

General Stats
  • This quiz has been taken 180 times
    179 since last reset
  • The average score is 43 of 87
Answer Stats
シリーズ名 言語名 % Correct
ニューエクスプレスプラス スペイン語
98%
ニューエクスプレスプラス ロシア語
97%
ニューエクスプレスプラス 中国語
97%
ニューエクスプレスプラス フランス語
96%
ニューエクスプレスプラス ブラジルポルトガル語
96%
ニューエクスプレスプラス ドイツ語
94%
ニューエクスプレスプラス イタリア語
93%
ニューエクスプレスプラス アラビア語
93%
ニューエクスプレス 韓国語
93%
ニューエクスプレスプラス スウェーデン語
90%
ニューエクスプレスプラス インドネシア語
90%
ニューエクスプレスプラス ノルウェー語
89%
ニューエクスプレスプラス フィンランド語
89%
ニューエクスプレスプラス ベトナム語
88%
ニューエクスプレスプラス タイ語
88%
ニューエクスプレスプラス ヒンディー語
87%
ニューエクスプレスプラス ポーランド語
83%
ニューエクスプレスプラス トルコ語
82%
ニューエクスプレスプラス オランダ語
81%
ニューエクスプレスプラス ウクライナ語
81%
ニューエクスプレスプラス モンゴル語
81%
ニューエクスプレスプラス デンマーク語
80%
ニューエクスプレスプラス マレー語
79%
ニューエクスプレスプラス ルーマニア語
76%
ニューエクスプレスプラス ハンガリー語
76%
ニューエクスプレスプラス チェコ語
75%
ニューエクスプレスプラス アイルランド語
74%
ニューエクスプレスプラス 広東語
71%
ニューエクスプレスプラス アイスランド語
70%
ニューエクスプレスプラス スワヒリ語
68%
ニューエクスプレスプラス 日本語
68%
ニューエクスプレスプラス ラテン語
67%
ニューエクスプレスプラス カンボジア語
67%
ニューエクスプレスプラス リトアニア語
66%
ニューエクスプレスプラス ブルガリア語
66%
ニューエクスプレスプラス ペルシア語
65%
ニューエクスプレスSP エストニア語
64%
ニューエクスプレスプラス ラオス語
63%
ニューエクスプレスプラス ウルドゥー語
61%
ニューエクスプレスプラス 台湾語
57%
ニューエクスプレスプラス アイヌ語
57%
ニューエクスプレスプラス タミル語
56%
ニューエクスプレスプラス ロマ語
56%
ニューエクスプレスプラス ベンガル語
54%
ニューエクスプレスプラス ビルマ語
54%
CDエクスプレス ネパール語
53%
ニューエクスプレスプラス チベット語
46%
ニューエクスプレスプラス シンハラ語
44%
ニューエクスプレスプラス イギリス英語
40%
ニューエクスプレスプラス グルジア語
40%
ニューエクスプレスプラス バスク語
40%
ニューエクスプレスプラス 上海語
38%
ニューエクスプレスプラス カタルーニャ語
34%
ニューエクスプレスプラス アムハラ語
32%
ニューエクスプレスプラスSP ハワイ語
31%
ニューエクスプレスプラス フィリピノ語
30%
ニューエクスプレスプラス 現代ギリシア語
29%
ニューエクスプレスプラス サンスクリット語
29%
ニューエクスプレスプラス エスペラント語
28%
CDエクスプレス 古典ギリシア語
26%
ニューエクスプレスプラス セルビア・クロアチア語
23%
ニューエクスプレスプラス 現代ヘブライ語
21%
ニューエクスプレスプラス エジプトアラビア語
18%
ニューエクスプレスSP ルクセンブルク語
18%
ニューエクスプレスプラス 古典ヘブライ語
15%
エクスプレス イディッシュ語
15%
ニューエクスプレスプラス ラトヴィア語
13%
エクスプレス パンジャービー語
13%
ニューエクスプレスプラスSP ニヴフ語
13%
ニューエクスプレスプラスSP ゾンカ語
13%
ニューエクスプレスプラスSP 小笠原語
13%
ニューエクスプレスプラスSP サハ語
12%
ニューエクスプレスプラスSP ユカギール語
8%
ニューエクスプレスSP ソルブ語
8%
ニューエクスプレスプラスSP イテリメン語
7%
ニューエクスプレスプラスSP シベ語
7%
ニューエクスプレスプラスSP セデック語
6%
ニューエクスプレスプラスSP エスキモー語
6%
ニューエクスプレスプラスSP 樺太アイヌ語
6%
ニューエクスプレスプラスSP オイラトモンゴル語
6%
ニューエクスプレスSP アブハズ語
6%
ニューエクスプレスSP フリジア語
6%
ニューエクスプレスSP フェーロー語
5%
ニューエクスプレスプラスSP アリュートル語
4%
ニューエクスプレスプラスSP リス語
4%
ニューエクスプレスプラスSP ブヌン語
4%
ニューエクスプレスプラスSP ホジェン語
3%
No matching quizzes found
Score Distribution
Percent of People with Each Score
Percentile by Number Answered
Your Score History
You have not taken this quiz since the last reset